00569nam a2200157 i 450000100060000000300090000600700030001500800410001810000250005924500850008426000480016930000270021785200310024499900170027595201190029293147ES-MaACLt|050408s1947 xxu ||||1| eng d1 aLondon, Kurt.97321910aBackgrounds of conflict b: ideas and forms in world politics /cby Kurt London. aNew York : bThe Macmillan Company, c1947. aXVI, 487 p. ; c22 cm. aES-MaACLjB-1600 bR.29407 c93147d93147 00104070aATENEOMbATENEOMcSPBd2008-01-17eSCl0oB-1600p1097231r2023-02-23 00:00:00w2023-02-23yMONOGRAFIA